书目信息 |
| 题名: |
秋
|
|
| 作者: | 巴金 著 | |
| 分册: | ||
| 出版信息: | 北京 人民文学出版社 1962.08 |
|
| 页数: | 655页 | |
| 开本: | 20cm | |
| 丛书名: | ||
| 单 册: | ||
| 中图分类: | I246.5 | |
| 科图分类: | ||
| 主题词: | 长篇小说--中国--现代 | |
| 电子资源: | ||
| ISBN: | 7-02-000114-9 | |
| 000 | 00616nam0 2200217 45 | |
| 001 | 0312221749 | |
| 005 | 20041213150949.0 | |
| 010 | @a7-02-000114-9@dCNY5.70 | |
| 100 | @a20031222d1962 km y0chiy0120 ea | |
| 101 | @achi | |
| 105 | @a z 000yy | |
| 200 | 1 | @a秋@AQiu@e《激流三部曲》之三@E《Ji Liu San Bu Qu》Zhi San@f巴金著@FBa Jin Zhu |
| 205 | @a2版 | |
| 210 | @a北京@c人民文学出版社@d1962.08 | |
| 215 | @a655页@d20cm | |
| 517 | 1 | @a激流三部曲@AJi Liu San Bu Qu |
| 606 | 0 | @a长篇小说@y中国@z现代 |
| 690 | @aI246.5@v3 | |
| 701 | 0 | @a巴金@4著 |
| 801 | @aCN@bTSTCL@c20031222 | |
| 905 | @dI246.5@e10=2@f1@b225425 | |
| 秋:《激流三部曲》之三/巴金著.-2版.-北京:人民文学出版社,1962.08 |
| 655页;20cm |
| ISBN 7-02-000114-9:CNY5.70 |
| ● |
| 相关链接 |
|
|
|
|
正题名:秋
索取号:I246.5/10=2
 
预约/预借
| 序号 | 登录号 | 条形码 | 馆藏地/架位号 | 状态 | 备注 |
| 1 | 0225427 | 000100875 | 第二借阅区/ [索取号:I246.5/10=2] | 在馆 | |
| 2 | 0225428 | 202082263 | 第一样本阅览室/ [索取号:I246.5/10=2] | 在馆 |